000 00331 a2200157 4500
001 179881
020 _a
040 _cMagnum
100 _aSand, Elos
240 1 0 _aO sapo e o ourico
_lpor
245 1 0 _aO sapo e o ourico
362 0 _a1899
440 1 _aMelhoramentos
697 _aMAGNITO: IJ/FADAS, FANTASIA
942 _cBK
999 _c179881
_d179881